000
00301nam a2200133Ia 4500
008
231129s1968||||xx |||||||||||||| ||spa||
040
_b
spa
082
_a
E863 G184y
100
_a
Gamez Tana de
245
0
_a
El yugo y la estrella
260
_c
1968
264
_a
Joaquin Mortiz
942
_2
ddc
_c
BKS
999
_c
12701
_d
12701